Statistics for Football Teams Roque Mesa Played For

Click here to take the quiz!

General Stats

  • This quiz has been taken 11 times
  • The average score is 5 of 10

Answer Stats

LeagueYearsTeam% Correct
Spain2014-2017UD Las Palmas
100%
Spain2010-2012UD Las Palmas Atlético
100%
Spain2013-2014UD Las Palmas Atlético
100%
Spain2018-2019Sevilla FC
60%
Spain2019-2020CD Leganés
40%
Spain2020-2023Real Valladolid CF
40%
England2017-2018Swansea City
40%
Spain2012-2013Atlético Baleares
20%
Spain2010CD Tenerife B
20%
Spain2023-Real Sporting de Gijón
20%

Score Distribution

Percentile by Number Answered

Percent of People with Each Score

Your Score History

You have not taken this quiz